Independence daze (Record no. 68620)

MARC details
000 -LEADER
fixed length control field 01267cam a2200217 4500
001 - CONTROL NUMBER
control field ABS64707
008 - FIXED-LENGTH DATA ELEMENTS--GENERAL INFORMATION
fixed length control field 011019n2001 000 0 eng u
035 ## - SYSTEM CONTROL NUMBER
System control number (Sirsi) u115218
100 ## - MAIN ENTRY--PERSONAL NAME
Personal name Bingham, Tony
245 ## - TITLE STATEMENT
Title Independence daze
260 ## - PUBLICATION, DISTRIBUTION, ETC.
Date of publication, distribution, etc. 2001
490 ## - SERIES STATEMENT
Series statement Building
Volume/sequential designation 266(805) 12 October 2001, 52(2)
520 ## - SUMMARY, ETC.
Summary, etc. Mentions the balance arbitrators have to take between their duty not be swayed by outside pressure and their fear of being thrown out by the High Court during the course of an arbitration. Argues that it is difficult fo the arbitrator to square both of these roles. They will often adjust their decision in order to avoid criticism. Gives examples from recent cases including Balfour Beatty vs Kelston Sparkes where Balfour attacked on ground of misconduct by characterising the decision of the arbitrator as 'failing in fairness'. and "Miller Construction v James Moore". Concludes by attacking the policy of 20 years ago which disallowed except on exceptional grounds appeal on arbitrator's errors.
590 ## - LOCAL NOTE (RLIN)
Local note ABS
650 ## - SUBJECT ADDED ENTRY--TOPICAL TERM
Topical term or geographic name entry element ARBITRATORS
650 ## - SUBJECT ADDED ENTRY--TOPICAL TERM
Topical term or geographic name entry element ETHICAL CONDUCT
650 ## - SUBJECT ADDED ENTRY--TOPICAL TERM
Topical term or geographic name entry element MILLER CONSTRUCTION VS JAMES MOORE
650 ## - SUBJECT ADDED ENTRY--TOPICAL TERM
Topical term or geographic name entry element BALFOUR BEATTY CONSTRUCTION V KELSTON SPARKES CONTRACTORS
690 ## - LOCAL SUBJECT ADDED ENTRY--TOPICAL TERM (OCLC, RLIN)
Topical term or geographic name as entry element LAW-UK
942 ## - ADDED ENTRY ELEMENTS (KOHA)
Suppress in OPAC 0
Holdings
Withdrawn status Lost status Source of classification or shelving scheme Damaged status Not for loan Home library Current library Shelving location Date acquired Total Checkouts Full call number Barcode Date last seen Copy number Price effective from Koha item type
    Dewey Decimal Classification     London London Journal article 19/10/2001   ABS64707 115218-1001 06/08/2019 1 06/08/2019 Journal article